Statistics for Guess the song by the first lines #2017

Click here to take the quiz!

General Stats

  • This quiz has been taken 71 times
  • The average score is 10 of 20

Answer Stats

First Lines Artist Answer % Correct
The club isn't the best place to find a lover / So the bar is where I goEd SheeranShape of you
88%
He didn't walk up with that "how you doin'?" /When he came in the roomCamila CabelloHavana
81%
I don't like your little games / Don't like your tilted stage / The role you made me playTaylor SwiftLook what you made me do
78%
Talkin in my sleep at night / Makin' myself crazyDua LipaNew rules
74%
In your eyes, there's a heavy blue / One to love and one to loseSelena GomezWolves
72%
I never came to the beach or stood by the ocean / I never sat by the shore under the sun with my feet in the sandMiley CyrusMalibu
62%
You've been runnin' round, runnin' round, runnin' round throwin' that dirt all on my nameCharlie PuthAttention
60%
Come on over in my direction / So thankful for that, it's such a blessin', yeahJustin BieberDespacito
59%
I had a dream / We were sipping whiskey neat / Highest floor, The BowerySelena GomezIt ain't me
50%
Not tryna be indie / Not tryna be cool / Just tryna be in this / Tell me how you chooseZayn MAlikDusk till dawn
43%
Now I'm out here looking like revenge / Feelin' like a ten, the best I ever beenDemi LovatoSorry not sorry
43%
Are we crazy? / Livin' our lives through a lens / Trapped in our white picket fenceKaty PerryChained to the rhythm
40%
I was wonderin' 'bout your mama / Did she get that job she wanted?Justin BieberFriends
34%
Knew he was a killer first time that I saw him / Wonder how many girls he had loved and left hauntedTaylor SwiftReady for it
34%
I'll admit, I was wrong, what else can I say, girl? / Can't you play my head and not my heart?Charlie PuthHow long
33%
You should take it as a compliment / That I got drunk and made fun of the way you talkTaylor SwiftGorgeous
29%
Looks like you've been starving / You've got those hungry eyesKaty PerryBon appetit
29%
Got a boy back home in Michigan / And it tastes like Jack when I'm kissing himHalseyBad at love
29%
Take it or leave it / Baby take it or leave it / But I know you won't leave itSelena GomezFetish
26%
My castle crumbled overnight / I brought a knife to a gunfightTaylor SwiftCall it what you want to
19%

Score Distribution

Percentile by Number Answered

Percent of People with Each Score

Your Score History

You have not taken this quiz